Environmental economics: (Record no. 3182)

MARC details
000 -LEADER
fixed length control field 00620nam a22002177a 4500
003 - CONTROL NUMBER IDENTIFIER
control field OSt
005 - DATE AND TIME OF LATEST TRANSACTION
control field 20220107122719.0
008 - FIXED-LENGTH DATA ELEMENTS--GENERAL INFORMATION
fixed length control field 130816b xxu||||| |||| 00| 0 eng d
020 ## - INTERNATIONAL STANDARD BOOK NUMBER
International Standard Book Number 9781107002142
040 ## - CATALOGING SOURCE
Transcribing agency IIITM-K
082 ## - DEWEY DECIMAL CLASSIFICATION NUMBER
Classification number 333.7 END/E
100 ## - MAIN ENTRY--PERSONAL NAME
Personal name Endres, Alfred
9 (RLIN) 1542
245 ## - TITLE STATEMENT
Title Environmental economics:
Remainder of title Theory and policy
Statement of responsibility, etc. by Alfred Endres
260 ## - PUBLICATION, DISTRIBUTION, ETC.
Place of publication, distribution, etc. USA,
Name of publisher, distributor, etc. Cambridge University Press,
Date of publication, distribution, etc. 2011.
300 ## - PHYSICAL DESCRIPTION
Extent xvii379p.
650 ## - SUBJECT ADDED ENTRY--TOPICAL TERM
Topical term or geographic name entry element ENVIRONMENTAL SCIENCES
9 (RLIN) 1543
650 ## - SUBJECT ADDED ENTRY--TOPICAL TERM
Topical term or geographic name entry element ENVIRONMENTAL ECONOMICS
9 (RLIN) 1544
650 ## - SUBJECT ADDED ENTRY--TOPICAL TERM
Topical term or geographic name entry element ECOLOGY
9 (RLIN) 1545
650 ## - SUBJECT ADDED ENTRY--TOPICAL TERM
Topical term or geographic name entry element ENVIRONMENTAL POLICY
9 (RLIN) 1546
942 ## - ADDED ENTRY ELEMENTS (KOHA)
Source of classification or shelving scheme Dewey Decimal Classification
Koha item type Books
Holdings
Withdrawn status Lost status Source of classification or shelving scheme Damaged status Not for loan Collection code Home library Current library Shelving location Date acquired Cost, normal purchase price Total Checkouts Full call number Barcode Date last seen Date last checked out Price effective from Koha item type
    Dewey Decimal Classification     Environmental/ Ecological Economics Kerala University of Digital Sciences, Innovation and Technology Knowledge Centre Kerala University of Digital Sciences, Innovation and Technology Knowledge Centre Economics 16/08/2013 6556.00 1 333.7 END/E 2844 03/12/2020 06/11/2013 16/08/2013 Books